1172 1009 1359 1918 1014 1858 1983 1963 1231 1568 1462 1957 1776 1110 1359 1183 1418 1366 1917 1891 1469 1433 1181 1273 1774 1785 1312 1024 1463 1601 1803 1353 1978 1997 1002 1826 1637 1924 1655 1230 1036 1665 1756 1437 1825 1041 1823 1847 1113 1694 1731 1588 1778 1185 1708 1862 1430 1093 1216 1404 1569 1667 1840 1192 1357 1069 1406 1455 1169 1617 1055 1622 1004 1670 1247 1261 1518 1208 1441 1310 1287 1886 1037 1877 1980 1084 1972 1520 1423 1197 1263 1486 1387 1139 1096 1627 1831 1076 1853 BCNSPRNW ULIB Ver.6.0+V

เปลี่ยนเป็นภาษาไทย

Change to English
 แสดงรายละเอียดบรรณานุกรม
  กลับหน้าหลัก

Brief Record : Get Marc (ISO 2709) : E-mail record : QR code < ปิดหน้าต่าง
LEADER : 00000nam 2200000uu 4500
001    13399125612
003     ULIB
008    170711s2558||||th 000 0 tha d
020    ^a9786160429349
060  0 ^aQZ266^bส734ข
100 0  ^aสี่ว์, ต๋าฟู
245 00 ^aขอบคุณที่ยังไม่ตาย /^cสี่ว์, ต๋าฟู
260    ^aกรุงเทพฯ :^bอินสปายร์,^c2558
300    ^a328 หน้า ; ^c21 ซม.
650  0 ^aมะเร็ง--การรักษา^Xมะเร็ง--ผู้ป่วย--การดำเนินชีวิต
945    ^p0^l0^i002566
999    ^aประนอม เกษจรัล
รายการนี้ยังไม่มีแท็ก
คุณยังไม่ได้ล็อกอิน คุณสามารถมีกิจกรรมร่วมกับเว็บไซต์ได้ แต่ต้องล็อกอินก่อน ::
  ล็อกอิน

รายการสื่อสารสนเทศ

ลำดับที่ ประเภท เลขเรียก/บาร์โค้ด สถานที่ สถานะ
1. วิทยาศาสตร์การแพทย์ และสุขภาพ
วิทยาศาสตร์การแพทย์ และสุขภาพ
สถานะ=หนังสือเก่า
QZ266 ส734ข ฉ.1 
  Barcode: 002566
ห้องสมุดวิทยาเขตสวรรค์ประชารักษ์
►ส่วนจัดเก็บหนังสือเก่า สปร
บนชั้น
  ขอยืม

รายการใกล้เคียง
    ผู้แต่ง [สี่ว์, ต๋าฟู]

    หัวเรื่อง [มะเร็ง--การรักษา^Xมะเร็ง--ผู้ป่วย--การดำเนินชีวิต]

BibComment


ยังไม่เคยถูกคอมเมนท์

คอมเมนท์ทรัพยากรรายการนี้
  คอมเมนท์: ขอบคุณที่ยังไม่ต..


 Copyright 2026. Bcnsprnw @Library